Legal glossary: containing english-hindi-urdu synonyms (Record no. 16425)

MARC details
000 -LEADER
fixed length control field 00323nam a2200121Ia 4500
082 ## - DEWEY DECIMAL CLASSIFICATION NUMBER
Classification number RR 340.03 BHA-L
100 ## - MAIN ENTRY--AUTHOR NAME
Personal name Bhargava, Jyoti Lal
245 #0 - TITLE STATEMENT
Title Legal glossary: containing english-hindi-urdu synonyms
260 ## - PUBLICATION, DISTRIBUTION, ETC. (IMPRINT)
Place of publication Lucknow
Name of publisher Rashtiya Prakshan Mandal
Year of publication 1976
300 ## - PHYSICAL DESCRIPTION
Number of Pages 306
650 ## - SUBJECT ADDED ENTRY--TOPICAL TERM
Topical Term Law
Form subdivision Dictionaries
942 ## - ADDED ENTRY ELEMENTS (KOHA)
Koha item type Books
Holdings
Withdrawn status Lost status Damaged status Not for loan Home library Current library Date acquired Full call number Accession Number Price effective from Koha item type
        NASSDOC Library NASSDOC Library 08/06/2004 RR 340.03 BHA-L 8977 18/04/2019 Books